Pragati's professional communication - II / (Record no. 13781)

MARC details
000 -LEADER
fixed length control field 00921nam a22002417a 4500
005 - DATE AND TIME OF LATEST TRANSACTION
control field 20080618110544.0
008 - FIXED-LENGTH DATA ELEMENTS--GENERAL INFORMATION
fixed length control field 080617t xxu||||| |||| 00| 0 eng d
010 ## - LIBRARY OF CONGRESS CONTROL NUMBER
LC control number ENG-90367
020 ## - INTERNATIONAL STANDARD BOOK NUMBER
Terms of availability 95.00
International Standard Book Number 8183985982
035 ## - SYSTEM CONTROL NUMBER
System control number EN-73900
037 ## - SOURCE OF ACQUISITION
Source of stock number/acquisition DBAD / PUB
040 ## - CATALOGING SOURCE
Original cataloging agency DPL
Language of cataloging EN
082 ## - DEWEY DECIMAL CLASSIFICATION NUMBER
Classification number 651.74
100 ## - MAIN ENTRY--PERSONAL NAME
Personal name Gupta, Raj Hans
245 ## - TITLE STATEMENT
Title Pragati's professional communication - II /
Statement of responsibility, etc by Raj Hans Gupta [and] P.K. Agarwal
Remainder of title (for B. Pharma VI semester of U.P. Technical University, Lucknow)
260 ## - PUBLICATION, DISTRIBUTION, ETC. (IMPRINT)
Place of publication, distribution, etc Meerut
Name of publisher, distributor, etc Pragati Prakashan
Date of publication, distribution, etc 2008
270 ## - ADDRESS
Address Pragati Bhawan, 240, W.K, Road,
City Meerut
Postal code 250001
300 ## - PHYSICAL DESCRIPTION
Extent 159p.
Dimensions 25 cm (pbk)
490 ## - SERIES STATEMENT
Series statement
700 ## - ADDED ENTRY--PERSONAL NAME
Personal name Agarwal, P.K.
942 ## - ADDED ENTRY ELEMENTS (KOHA)
Koha item type English Books
Classification part 651.74
Source of classification or shelving scheme Dewey Decimal Classification
Call number suffix GUP
Holdings
Withdrawn status Lost status Damaged status Not for loan Collection code Home library Current library Date acquired Source of acquisition Cost, normal purchase price Total Checkouts Full call number Barcode Date last seen Copy number Cost, replacement price Price effective from Koha item type
      Not For Loan Non-fiction D.B.Act.Division D.B.Act.Division 18/06/2008 DBAD / PUB 95.00   651.74 GUP EN-73900 15/09/2008 1 95.00 15/09/2008 English Books

© Delhi Public Library
Hit Counter
free hit counter